01732cam a2200349 4500001000700000003000700007005001700014008004100031020003800072040002500110041001300135042000900148084001800157090001600175100004000191245019900231246009700430246006500527246002400592250001100616260007800627300004500705500007200750504003000822650002500852650002500877650002800902700001400930942001400944999001500958952040900973520369YEEZEN20260310145957.0251201s2025 ch a e b 000 0 chi d a9786263906372q(平裝) :cNT$480 bchic竹市CSINeCCR1 achihger anbic a528.22ncsclt a528.2b84341 a聖安吉c(St. Ange, Caroline von)10a教出自主學習的孩子 :b德國名師教你使用成長型學習思維, 找回孩子主動學習的動機與專注力 /c卡洛琳娜.馮.聖安吉(Caroline von St. Ange)著 ; 江鈺婷譯10a德國名師教你使用成長型學習思維, 找回孩子主動學習的動機與專注力11aAlles ist schwer, bevor es leicht ist :bWie Lernen gelingt.11aWie Lernen gelingt. a初版 a臺北市 :b商周出版 :b家庭傳媒城邦分公司發行,c2025.09. a[16], 303面 :b部份彩圖 ;c21公分 a譯自: Alles ist schwer, bevor es leicht ist : Wie Lernen gelingt. a參考書目: 面302-303. 7a親職教育2lcstt. 7a子女教育2lcstt. 7a學習心理學2lcstt.1 a江鈺婷 2cclcBOOK c7697d7697 00102ccl4070ayeezenbyeezencYEEZENd2026-03-10l2m1o528.2pC03280q2026-04-23r2026-04-09 00:00:00s2026-04-09w2026-03-10yBOOKz這是所有家長、父母內心最大的疑問: 「到底要怎麼讓孩子乖乖自己學習啊?」 讓德國【學習教練】卡洛琳.馮.聖安吉告訴你, 如何善用成長型學習思維,讓孩子在學習上找回動機,還有無窮樂趣!